000 01124nam a2200313 a 4500
001 000110657
003 CHAP
005 20220329144142.0
008 140923s2008 mx | |r| |||1|||spa|d
010 _a107119
011 _a108091
020 _a9789687420516
040 _cCHAP
082 0 4 _a338.9
_bV54
100 1 _aVillagómez Amezcua, Alejandro
_q(Francisco Alejandro Villagómez Amezcua Manjarrez)
_9119396
245 1 3 _aEl ahorro en México desde 1960 :
_bestructura, evolución y determinación /
_cpor Francisco Alejandro Villagómez Amezcua Manjarrez.
260 3 _aMéxico, D.F. :
_bCentro de Investigación y Docencia Económicas,
_c2008.
300 _a162 p.
590 _aBATCH-UPD
_b10
_c20140924
_lUCH01
_h0903
590 _aE11695DGD
_b10
_c20140924
_lUCH01
_h0902
590 _aE792CSJ
_b05
_c20140923
_lUCH01
_h1056
650 1 4 _aAhorro e inversión
_zMéxico
_xHistoria
_y1960.
_9128474
650 1 4 _aCompetencia económica
_zMéxico.
_9128473
650 1 4 _aDesarrollo económico
_zMéxico.
_9126104
650 1 4 _aPolítica económica
_zMéxico.
_990535
901 _aBK
942 _cLIBRO
942 _n0
999 _c107119
_d107119